Sudden Death - Nachbarländer Griechenlands - Statistiken

Allgemein
  • Dieses Quiz wurde 77 mal gespielt
  • Das Durchschnittsergebnis liegt bei 4 aus 6
Answers on the Grid
Answers color-coded by a green-red scale on the quiz's grid according to % correct below.
Griechenland🇬🇷
Griechenland🇬🇷
Türkei🇹🇷
Nordmazedonien🇲🇰
Albanien🇦🇱
Bulgarien🇧🇬
Zypern🇨🇾
Kosovo🇽🇰
Serbien🇷🇸
Montenegro🇲🇪
Bosnien🇧🇦
Kroatien🇭🇷
Rumänien🇷🇴
Italien🇮🇹
Spanien🇪🇸
Portugal🇵🇹
Frankreich🇫🇷
Deutschland🇩🇪
Georgien🇬🇪
Moldau🇲🇩
 
Antwortstatistiken
Antwort % Korrekt
Albanien🇦🇱
76%
Nordmazedonien🇲🇰
76%
Türkei🇹🇷
70%
Bulgarien🇧🇬
68%
Griechenland🇬🇷
62%
Griechenland🇬🇷
58%
Keine übereinstimmenden Quizze gefunden
Verteilung der Resultate
Anzahl Personen mit jedem Resultat
Perzentil nach korrekt beantworteten Fragen
Ihre Resultats-Entwicklung
Sie haben dieses Quiz noch nicht gespielt